[Event "CAT-chT Honor Division 2019"]
[Site "Catalonia"]
[Date "2019.02.02"]
[Round "3"]
[White "Castrillon Gomez, Melissa"]
[Black "Ortega Serra, Marc"]
[Result "1-0"]
[WhiteElo "2231"]
[BlackElo "2352"]
[Annotator "NA RC"]
[PlyCount "141"]
[EventDate "2019.01.16"]
[EventType "team-tourn"]
[EventCountry "ESP"]
[SourceTitle "playchess.com"]
[Source "ChessBase"]
[SourceQuality "1"]
[WhiteTeam "Sant Josep Badalona"]
[BlackTeam "Cerdanyola"]
[TimeControl "5400+30"]

1. d4 {[%emt 0:00:00]} Nf6 {[%emt 0:00:20]} 2. Nf3 {[%emt 0:00:00]} d5 {[%emt 0:00:16]} 3. c4 {[%emt 0:00:27]} e6 {[%emt 0:00:09]} 4. g3 {[%emt 0:01:06]} Be7 {[%emt 0:00:08]} 5. Bg2 {[%emt 0:00:09]} O-O {[%emt 0:00:07]} 6. O-O {[%emt 0:01:07]} dxc4 {[%emt 0:00:07]} 7. Qc2 {[%emt 0:04:56]} a6 {[%emt 0:00:26]} 8. Qxc4 {[%emt 0:02:48]} b5 {[%emt 0:00:16]} 9. Qc2 {[%emt 0:00:11]} Bb7 {[%emt 0:00:11]} 10. Bf4 {[%emt 0:01:42]} Nc6 {[%emt 0:04:07]} 11. Rd1 {[%emt 0:17:57]} Nb4 {[%emt 0:04:46]} 12. Qc1 {[%emt 0:01:34]} Qc8 {[%emt 0:01:18]} 13. Nbd2 {[%emt 0:04:55]} Nfd5 {[%emt 0:03:58]} 14. Ne4 {[%emt 0:11:21]} Nxf4 {[%emt 0:02:44]} 15. Qxf4 {[%emt 0:01:59]} Nd5 {[%emt 0:00:50]} 16. Qc1 {[%emt 0:03:21]} Nf6 {[%emt 0:04:15]} 17. Nc5 {[%emt 0:01:14]} Bd5 {[%emt 0:02:35]} 18. Qc2 {[%emt 0:05:50]} Bxc5 {[%emt 0:01:09]} 19. Qxc5 {[%emt 0:00:51]} Qb7 {[%emt 0:00:08]} 20. Ne1 {[%emt 0:05:10]} Rfd8 {[%emt 0:15:21]} 21. Rac1 {[%emt 0:07:42]} Bxg2 {[%emt 0:01:19]} 22. Nxg2 {[%emt 0:00:01]} Qe4 {[%emt 0:00:47]} 23. e3 {[%emt 0:02:30]} Nd5 {[%emt 0:02:09]} 24. Qc6 {[%emt 0:07:59]} Qf5 {[%emt 0:04:20]} 25. a3 {[%emt 0:03:07]} h6 {[%emt 0:01:44]} 26. Nf4 {[%emt 0:02:12]} Nxf4 {[%emt 0:08:51]} 27. exf4 {[%emt 0:00:07]} Qh3 {[%emt 0:06:44]} 28. Qxc7 {[%emt 0:03:31]} Rd5 {[%emt 0:00:18]} 29. Rc5 {[%emt 0:01:42]} Rad8 {[%emt 0:00:20]} 30. Rxd5 {[%emt 0:00:34]} Rxd5 {[%emt 0:00:01]} 31. Qc8+ {[%emt 0:01:08]} Kh7 {[%emt 0:00:09]} 32. Qc2+ {[%emt 0:00:04]} g6 {[%emt 0:00:11]} 33. Qe4 {[%emt 0:00:35]} Kg7 {[%emt 0:02:03]} 34. Rc1 {[%emt 0:00:41]} Qh5 {[%emt 0:00:01]} 35. Kg2 {[%emt 0:00:49]} a5 {[%emt 0:01:37]} 36. Rc7 {[%emt 0:01:19]} a4 {[%emt 0:04:08]} 37. Qxe6 {[%emt 0:01:10]} Qf5 {[%emt 0:04:02]} 38. Qxf5 {[%emt 0:01:37]} gxf5 {[%emt 0:00:01]} 39. Rb7 {[%emt 0:04:21]} Kg6 {[%emt 0:00:25]} 40. Kf3 {[%emt 0:00:06]} Rxd4 {[%emt 0:00:57]} 41. Rxb5 {[%emt 0:00:14]} Rd2 {[%emt 0:00:01]} 42. Rb4 {[%emt 0:01:33]} Rc2 {[%emt 0:00:19]} 43. Kg2 {[%emt 0:00:30]} Rd2 {[%emt 0:00:10]} 44. Rb6+ {[%emt 0:00:41]} f6 {[%emt 0:00:07]} 45. Rb4 {[%emt 0:00:03]} Rc2 {[%emt 0:00:12]} 46. Rxa4 {[%emt 0:00:14]} Rxb2 {[%emt 0:00:03]} 47. Ra8 {[%emt 0:00:13]} Ra2 {[%emt 0:00:11]} 48. a4 {[%emt 0:00:04]} Ra3 {[%emt 0:00:37]} 49. a5 {[%emt 0:00:03]} Kh7 {[%emt 0:00:59]} 50. a6 {[%emt 0:00:08]} Kg7 {[%emt 0:00:08]} 51. f3 {[%emt 0:02:26]} Ra2+ {[%emt 0:00:14]} 52. Kh3 {[%emt 0:00:24]} Ra3 {[%emt 0:01:36]} 53. Kh4 {[%emt 0:00:28]} Kg6 {[%emt 0:01:02]} 54. h3 {[%emt 0:01:00]} Ra4 {[%emt 0:01:08]} 55. g4 {[%emt 0:00:13]} Ra1 {[%emt 0:00:09]} 56. Kg3 {[%emt 0:00:48]} Ra2 {[%emt 0:00:20]} 57. h4 {[%emt 0:00:24]} Ra4 {[%emt 0:05:35]} 58. h5+ {[%emt 0:01:01]} Kg7 {[%emt 0:00:01]} 59. Ra7+ {[%emt 0:00:12]} Kg8 {[%emt 0:00:01]} 60. Kf2 {[%emt 0:00:37]} fxg4 {[%emt 0:00:38]} 61. fxg4 {[%emt 0:00:06]} Rxf4+ {[%emt 0:00:03]} 62. Ke3 {[%emt 0:00:07]} Ra4 {[%emt 0:00:55]} 63. Kd3 {[%emt 0:00:01]} Kh8 {[%emt 0:02:12]} 64. Kc3 {[%emt 0:00:06]} Kg8 {[%emt 0:00:05]} 65. Kb3 {[%emt 0:00:04]} Ra1 {[%emt 0:00:02]} 66. Kc4 {[%emt 0:00:08]} Ra5 {[%emt 0:00:17]} 67. Kb4 {[%emt 0:00:04]} Ra1 {[%emt 0:00:18]} 68. Kc5 {[%emt 0:00:41]} Ra5+ {[%emt 0:00:37]} 69. Kb6 {[%emt 0:00:12]} Ra4 {[%emt 0:00:32]} 70. Rb7 {[%emt 0:00:18]} Rb4+ {[%emt 0:01:42]} 71. Ka5 {[%emt 0:00:10]} 1-0

[Event "CAT-chT Honor Division 2019"]
[Site "Catalonia"]
[Date "2019.02.02"]
[Round "3"]
[White "Castellet Giralt, Gabriel"]
[Black "Campins Machado, Francesc"]
[Result "1-0"]
[WhiteElo "2217"]
[BlackElo "2109"]
[Annotator "NA RC"]
[PlyCount "169"]
[EventDate "2019.01.16"]
[EventType "team-tourn"]
[EventCountry "ESP"]
[SourceTitle "playchess.com"]
[Source "ChessBase"]
[SourceQuality "1"]
[WhiteTeam "Cerdanyola"]
[BlackTeam "Sant Josep Badalona"]
[TimeControl "5400+30"]

1. d4 {[%emt 0:00:16]} Nf6 {[%emt 0:00:00]} 2. c4 {[%emt 0:00:10]} e6 {[%emt 0:00:00]} 3. Nc3 {[%emt 0:00:08]} Bb4 {[%emt 0:00:04]} 4. e3 {[%emt 0:00:27]} O-O {[%emt 0:01:04]} 5. Nge2 {[%emt 0:00:13]} b6 {[%emt 0:01:23]} 6. a3 {[%emt 0:00:29]} Bxc3+ {[%emt 0:05:14]} 7. Nxc3 {[%emt 0:00:02]} Bb7 {[%emt 0:00:12]} 8. Bd3 {[%emt 0:05:14]} d6 {[%emt 0:04:40]} 9. O-O {[%emt 0:01:44]} c5 {[%emt 0:01:11]} 10. d5 {[%emt 0:04:32]} a6 {[%emt 0:09:19]} 11. a4 {[%emt 0:01:57]} Nbd7 12. f4 {[%emt 0:03:37]} exd5 {[%emt 0:02:13]} 13. cxd5 {[%emt 0:00:07]} Re8 {[%emt 0:00:59]} 14. e4 {[%emt 0:00:34]} c4 {[%emt 0:09:48]} 15. Bc2 {[%emt 0:00:06]} Qc7 {[%emt 0:05:24]} 16. Be3 {[%emt 0:02:19]} Rad8 {[%emt 0:04:30]} 17. Qf3 {[%emt 0:00:58]} Nc5 {[%emt 0:03:15]} 18. Bd4 {[%emt 0:05:56]} Qe7 {[%emt 0:13:38]} 19. Rae1 h6 {[%emt 0:05:56]} 20. Qg3 {[%emt 0:07:05]} Nh5 {[%emt 0:08:16]} 21. Qh3 {[%emt 0:02:13]} Nf6 22. Qg3 {[%emt 0:11:42]} Nh5 {[%emt 0:01:35]} 23. Qf3 {[%emt 0:01:28]} Nf6 {[%emt 0:00:06]} 24. Re3 Bc8 {[%emt 0:11:19]} 25. h3 {[%emt 0:03:08]} Bb7 {[%emt 0:00:15]} 26. Rfe1 {[%emt 0:02:23]} Ba8 {[%emt 0:04:19]} 27. Qe2 {[%emt 0:03:02]} Rc8 28. Qf3 {[%emt 0:10:55]} Qd8 {[%emt 0:06:21]} 29. Rf1 {[%emt 0:00:43]} Qe7 30. Qd1 {[%emt 0:06:31]} Rcd8 {[%emt 0:02:31]} 31. Rg3 {[%emt 0:02:02]} Ncd7 {[%emt 0:01:13]} 32. Qf3 {[%emt 0:01:35]} Nc5 {[%emt 0:00:35]} 33. e5 {[%emt 0:06:29]} dxe5 {[%emt 0:00:28]} 34. fxe5 {[%emt 0:00:06]} Nxd5 {[%emt 0:00:32]} 35. Qf5 {[%emt 0:01:59]} Nd3 {[%emt 0:00:29]} 36. Bxd3 {[%emt 0:01:44]} cxd3 {[%emt 0:00:02]} 37. Ne4 {[%emt 0:01:37]} Qe6 {[%emt 0:00:55]} 38. Qf2 {[%emt 0:01:23]} Kf8 {[%emt 0:00:42]} 39. Nd6 {[%emt 0:00:37]} Re7 {[%emt 0:00:25]} 40. Rf3 {[%emt 0:01:07]} Rdd7 {[%emt 0:00:25]} 41. Qh4 {[%emt 0:00:27]} d2 42. Qf2 {[%emt 0:03:21]} Nb4 {[%emt 0:01:06]} 43. Rc3 {[%emt 0:00:06]} Nc6 {[%emt 0:00:26]} 44. Qxd2 {[%emt 0:00:18]} Qd5 {[%emt 0:00:39]} 45. Qf4 {[%emt 0:01:43]} Kg8 {[%emt 0:00:26]} 46. Nf5 {[%emt 0:02:31]} Nxd4 {[%emt 0:00:30]} 47. Nxe7+ {[%emt 0:01:12]} Rxe7 {[%emt 0:00:08]} 48. Qg4 {[%emt 0:00:47]} Bc6 {[%emt 0:00:35]} 49. Rd1 {[%emt 0:00:50]} Rd7 {[%emt 0:00:50]} 50. Rcd3 {[%emt 0:00:10]} Qxe5 {[%emt 0:00:24]} 51. Rxd4 {[%emt 0:00:18]} Qe3+ {[%emt 0:00:18]} 52. Kh1 {[%emt 0:00:19]} Rxd4 {[%emt 0:00:25]} 53. Rxd4 Qe1+ {[%emt 0:00:53]} 54. Kh2 {[%emt 0:00:21]} Qe5+ {[%emt 0:00:31]} 55. Qf4 {[%emt 0:00:08]} Qxf4+ {[%emt 0:00:27]} 56. Rxf4 {[%emt 0:00:02]} Kf8 {[%emt 0:00:13]} 57. Rc4 {[%emt 0:00:45]} Bd7 {[%emt 0:00:21]} 58. Rb4 {[%emt 0:00:27]} b5 {[%emt 0:00:17]} 59. a5 {[%emt 0:00:01]} Ke7 {[%emt 0:00:09]} 60. Rd4 {[%emt 0:00:11]} Bc6 {[%emt 0:00:12]} 61. Kg3 {[%emt 0:01:30]} g6 {[%emt 0:00:24]} 62. Kf2 {[%emt 0:00:05]} h5 {[%emt 0:00:55]} 63. g3 {[%emt 0:00:07]} Bb7 {[%emt 0:00:49]} 64. Ke3 {[%emt 0:00:08]} Bg2 {[%emt 0:00:25]} 65. h4 {[%emt 0:00:05]} Bc6 {[%emt 0:00:12]} 66. b4 {[%emt 0:00:08]} Bb7 {[%emt 0:00:14]} 67. Rd2 {[%emt 0:00:14]} Bc6 {[%emt 0:00:54]} 68. Kf4 {[%emt 0:00:36]} f6 {[%emt 0:00:56]} 69. Rd1 {[%emt 0:00:23]} Bd7 {[%emt 0:00:34]} 70. Ke4 {[%emt 0:00:32]} Bc6+ {[%emt 0:00:13]} 71. Kd4 {[%emt 0:00:18]} Kd6 {[%emt 0:00:01]} 72. Rf1 {[%emt 0:00:15]} f5 {[%emt 0:00:31]} 73. Rc1 {[%emt 0:00:20]} Bd7 {[%emt 0:01:40]} 74. Rc5 {[%emt 0:00:14]} Be6 {[%emt 0:00:27]} 75. Re5 {[%emt 0:00:18]} Bf7 {[%emt 0:00:23]} 76. Re1 {[%emt 0:00:30]} Be6 {[%emt 0:00:34]} 77. Rc1 {[%emt 0:00:50]} Bd7 {[%emt 0:00:37]} 78. Rc2 {[%emt 0:00:29]} Be6 {[%emt 0:00:16]} 79. Rc5 {[%emt 0:00:13]} Bd7 {[%emt 0:00:46]} 80. Rd5+ {[%emt 0:00:11]} Kc6 {[%emt 0:00:30]} 81. Ke5 {[%emt 0:00:10]} Be8 {[%emt 0:00:24]} 82. Rc5+ {[%emt 0:00:05]} Kd7 {[%emt 0:00:15]} 83. Kf6 {[%emt 0:00:46]} Kd8 {[%emt 0:00:34]} 84. Rd5+ {[%emt 0:00:28]} Kc7 {[%emt 0:00:13]} 85. Re5 {[%emt 0:00:06]} 1-0

[Event "CAT-chT Honor Division 2019"]
[Site "Catalonia"]
[Date "2019.02.02"]
[Round "3"]
[White "Morros Faura, Ricard"]
[Black "Perpinya Rofes, Lluis Maria"]
[Result "0-1"]
[WhiteElo "2189"]
[BlackElo "2317"]
[Annotator "TA"]
[PlyCount "154"]
[EventDate "2019.01.16"]
[EventType "team-tourn"]
[EventCountry "ESP"]
[SourceTitle "playchess.com"]
[Source "ChessBase"]
[SourceQuality "1"]
[WhiteTeam "Mollet"]
[BlackTeam "Colon Sabadell"]

{[%evp 18,154,39,27,33,31,22,-26,-16,-37,-15,-100,-103,-107,-93,-170,-145,-142,-147,-137,-112,-149,-155,-154,-27,-33,-31,-52,-52,-53,-64,-34,0,-103,-102,-103,-108,-112,-112,-114,-106,-116,-78,-116,-109,-104,-123,-156,-148,-362,-360,-360,-359,-362,-362,-355,-350,-332,-286,-308,-310,-306,-285,-318,-337,-339,-280,-253,-199,-213,-139,-147,-139,-163,0,-291,14,-249,-239,-236,-135,-131,0,0,0,0,299,298,272,168,516,516,516,516,516,516,516,516,1002,863,4104,4104,4092,1829,4112,4084,1302,0,0,0,0,-691,-689,-672,-655,-685,-682,-1430,-597,-1498,-5005,-5100,-5100,-5093,-5093,-5093,-5085,-5085,-5085,-5085,-5085,-5084,-5084,-4052,-1594,-5073,-5073,-29986,-29984]} 1. e4 c5 2. Nf3 Nc6 $146 (2... d6 3. d4 cxd4 4. Nxd4 Nf6 5. Nc3 {0-1 (43) Smirin,I (2609)-Dubov,D (2703) St Petersburg 2018}) ({Predecessor:} 2... d6 3. d4 cxd4 4. Nxd4 Nf6 5. Nc3 {½-½ (36) Ramaswamy,A (2211)-Karthikeyan,P (2408) Chennai 2010}) 3. Nc3 d6 4. d4 cxd4 5. Nxd4 Nf6 6. Bg5 e6 7. Qd2 a6 8. f3 (8. O-O-O Bd7 {0-1 (43) Smirin,I (2609)-Dubov,D (2703) St Petersburg 2018}) ({Predecessor:} 8. O-O-O Be7 9. f3 {½-½ (36) Ramaswamy,A (2211)-Karthikeyan,P (2408) Chennai 2010}) 8... Bd7 9. O-O-O Be7 10. h4 h6 {B67: Sicilian: Richter-Rauzer: 7...a6 8 0-0-0 Bd7, lines without 9 f4 Be7} (10... Nxd4 11. Qxd4 Bc6 12. Kb1 O-O 13. Qd2 b5 14. Bd3 b4 15. Ne2 a5 16. Be3 Qb8 17. g4 a4 18. Nd4 Bd7 19. h5 b3 20. g5 bxa2+ 21. Ka1 Ne8 22. g6 {0-1 (43) Smirin,I (2609)-Dubov,D (2703) St Petersburg 2018}) 11. Be3 h5 12. Qf2 Ne5 {Black has an edge.} 13. Nb3 b5 14. Bb6 (14. a3 $1 $11) 14... Qb8 $17 15. a3 ({Predecessor:} 15. Na5 O-O 16. g4 b4 17. g5 bxc3 18. gxf6 cxb2+ {½-½ (36) Ramaswamy,A (2211)-Karthikeyan,P (2408) Chennai 2010}) 15... O-O 16. Na5 (16. g4 $17) 16... Rc8 $1 $19 17. Kb1 Be8 18. Be2 Ned7 19. Be3 b4 20. axb4 d5 (20... Qxb4 $17 21. Nb3 a5) 21. Na2 $1 $11 dxe4 22. c3 Ne5 23. Qg3 exf3 24. gxf3 {Threatens to win with Bf4.} Nd5 25. Rhg1 (25. Bd4 $11 {remains equal.} Ng6 26. Qxb8 Rcxb8 27. Bd3) 25... Ng6 $17 26. Qxb8 Rcxb8 27. Bd4 Ndf4 $36 {[%mdl 2048] Black is really pushing.} 28. Bc4 Bxh4 29. Nc1 {[%cal Ba2c1,Bc1b3,Bb3c5][%mdl 32]} Be7 30. Ncb3 Rc8 31. Nc5 Bb5 32. Bxb5 axb5 33. Rde1 $2 (33. Rh1 $17) 33... Bxc5 $19 34. Bxc5 Nd3 {[%mdl 64] Double Attack} 35. Nb7 Nxe1 36. Rxe1 Nf4 37. Kc2 h4 38. Nd6 Rcb8 39. Rh1 Ng6 40. c4 bxc4 41. Kc3 Rd8 42. b5 Nf4 43. Rxh4 Nd5+ 44. Kxc4 Ra1 45. Kb3 {Rh8+! would now be nice for White.} Rf1 $2 {[#]} ({Black should play} 45... Rb8 $19 {Strongly threatening ...Rf1.} 46. Kc2 f6) 46. Rh3 $2 {[%mdl 8192]} (46. Rh8+ $1 $11 {[%mdl 512]} Kxh8 47. Nxf7+ Kg8 48. Nxd8) 46... Nf4 $2 {[#]} ({Black should try} 46... Rc1 $19 47. Ba3 Rb8) 47. Rg3 $2 {[%mdl 8192]} (47. Rh8+ $1 $11 {[%mdl 512] and White stays safe.} Kxh8 48. Nxf7+ Kg8 49. Nxd8 Rxf3+ 50. Kc4) 47... Nd3 48. Ba3 {If only White now had time for b6....} Ne5 (48... Rb8 $19 49. Bb4 Rd1) 49. b6 $17 Rxf3+ (49... f5 $17 {Hoping for ...Rb8.} 50. b7 f4) 50. Rxf3 $11 Nxf3 $17 {[%mdl 4096] Endgame KRN-KBN} 51. b7 Nd4+ $2 {[%mdl 8192]} (51... Ne5 $11) 52. Kc4 $18 Nc6 53. Kc5 Na5 $2 (53... Ne5) 54. Kb6 Nxb7 55. Kxb7 g5 {[#]} 56. Bc5 $1 g4 {[#]} 57. b4 $1 {[%cal Rb4b5]} f5 (57... g3 $142 58. b5 f5) 58. b5 f4 59. Kc7 Rf8 60. b6 g3 61. b7 f3 62. Nc8 $2 ({White has to play} 62. Ne4 $18 Rf7+ 63. Kc6 Rxb7 64. Kxb7) 62... f2 $11 63. Bxf8 f1=Q 64. Bd6 $2 {[%mdl 8192]} (64. b8=Q $11 Qxf8 65. Kd7) 64... g2 $19 65. b8=Q {White wants to mate with Ne7+.} g1=Q 66. Ne7+ Kh7 67. Be5 {[%csl Ge5][%cal Rb8h8]} Qc4+ 68. Kd7 {[%csl Ge5][%cal Rb8h8]} Qd1+ 69. Bd6 Qda4+ 70. Kd8 Qcb5 71. Qxb5 Qxb5 72. Kc7 e5 73. Nc6 e4 74. Bf4 Qc5 75. Bd6 Qc1 76. Kd7 e3 77. Nd4 Qd1 {Accuracy: White = 39%, Black = 54%.} 0-1

[Event "CAT-chT Honor Division 2019"]
[Site "Catalonia"]
[Date "2019.02.02"]
[Round "3"]
[White "Campos Cayuelas, Adria"]
[Black "Garcia Marin, Guillem"]
[Result "0-1"]
[WhiteElo "2165"]
[BlackElo "2067"]
[Annotator "NA RC"]
[PlyCount "60"]
[EventDate "2019.01.16"]
[EventType "team-tourn"]
[EventCountry "ESP"]
[SourceTitle "playchess.com"]
[Source "ChessBase"]
[SourceQuality "1"]
[WhiteTeam "Colon Sabadell"]
[BlackTeam "Mollet"]
[TimeControl "5400+30"]

1. e4 e5 2. Nf3 Nf6 3. d4 Nxe4 4. Bd3 d5 5. Nxe5 Nd7 6. Nxd7 Bxd7 7. O-O Bd6 8. c4 c6 9. Nc3 Nxc3 10. bxc3 O-O 11. cxd5 cxd5 12. Qh5 g6 13. Qxd5 Qc7 14. Bd2 Bxh2+ 15. Kh1 Bd6 16. Qg5 Rfe8 17. Rfe1 Be6 18. Rab1 Bxa2 19. Rxe8+ Rxe8 20. Qb5 Qe7 21. Bg5 Qe6 22. Ra1 a6 23. Qb2 Bd5 24. f3 b5 25. Kg1 Bc7 26. Qa3 Bg3 27. Qc5 Bxf3 28. c4 Be2 29. d5 Qe5 30. Bxe2 Qxa1+ 0-1

[Event "CAT-chT Honor Division 2019"]
[Site "Catalonia"]
[Date "2019.02.02"]
[Round "3"]
[White "Bals Hernandez, Jordi"]
[Black "Ayas Fernandez, Antonio"]
[Result "0-1"]
[WhiteElo "2139"]
[BlackElo "2253"]
[Annotator "NA RC"]
[PlyCount "50"]
[EventDate "2019.01.16"]
[EventType "team-tourn"]
[EventCountry "ESP"]
[SourceTitle "playchess.com"]
[Source "ChessBase"]
[SourceQuality "1"]
[WhiteTeam "Mollet"]
[BlackTeam "Colon Sabadell"]
[TimeControl "5400+30"]

1. d4 Nf6 2. c4 e6 3. Nc3 Bb4 4. f3 d5 5. a3 Bxc3+ 6. bxc3 c5 7. cxd5 exd5 8. e3 O-O 9. Bd3 Nc6 10. Ne2 Re8 11. O-O b6 12. Nf4 c4 13. Bc2 Na5 14. Rb1 Bb7 15. g4 h6 16. h4 Rc8 17. Qe1 g6 18. h5 g5 19. Ne2 Rc7 20. Ng3 Bc8 21. a4 Rce7 22. Qf2 Nb3 23. Bxb3 cxb3 24. Rxb3 Qc7 25. Qe2 Qxg3+ 0-1

[Event "CAT-chT Honor Division 2019"]
[Site "Catalonia"]
[Date "2019.02.02"]
[Round "3"]
[White "Hapala, Elisabeth"]
[Black "Valencia Jimenez, Jose"]
[Result "1-0"]
[WhiteElo "2136"]
[BlackElo "2058"]
[Annotator "TA"]
[PlyCount "52"]
[EventDate "2019.01.16"]
[EventType "team-tourn"]
[EventCountry "ESP"]
[SourceTitle "playchess.com"]
[Source "ChessBase"]
[SourceQuality "1"]
[WhiteTeam "Sant Josep Badalona"]
[BlackTeam "Cerdanyola"]

{[%evp 14,52,86,83,120,116,114,108,105,101,122,126,177,100,114,102,137,159,151,108,129,123,129,124,129,108,159,115,119,119,112,107,225,218,622,616,633,610,611,602,509]} 1. e4 d6 ({Predecessor:} 1... e5 2. Nf3 d6 3. d4 {0-1 (45) Cibicek,J (1996)-Syrovy,I (2097) Slovakia 2008}) 2. d4 Nd7 $146 (2... e5 3. Nf3 {1-0 (44) Vachier Lagrave,M (2718)-Cossin,S (2509) Haguenau 2013}) 3. Nf3 e5 4. Bc4 c6 5. O-O Be7 6. dxe5 ({Predecessor:} 6. Ng5 Bxg5 7. Qh5 Qf6 8. Bxg5 Qg6 9. Qxg6 hxg6 10. dxe5 {0-1 (45) Cibicek,J (1996)-Syrovy,I (2097) Slovakia 2008}) 6... dxe5 7. Ng5 Bxg5 8. Qh5 $1 {[%csl Gc4,LRf7,LRg5][%cal Rh5f7][%mdl 64] Double Attack} Qf6 {White must now prevent ...Bxc1. C41: Philidor Defence} 9. Bxg5 Qg6 10. Qxg6 hxg6 {White is better.} 11. a4 Nc5 (11... Ngf6 12. f3 Nc5 13. Be3 Be6 14. Nd2 Nfd7 15. b4 Bxc4 16. Nxc4 {1-0 (44) Vachier Lagrave,M (2718)-Cossin,S (2509) Haguenau 2013}) 12. f3 Be6 (12... Ne6 $16) 13. Be2 (13. Nd2 $18) ({Predecessor:} 13. Na3 Ne7 {0-1 (45) Cibicek,J (1996)-Syrovy,I (2097) Slovakia 2008}) 13... a5 14. Nd2 f6 15. Be3 Nd7 16. Rfd1 Nh6 17. Nc4 Nf7 18. Rd2 f5 19. Rad1 fxe4 (19... Nf6 $142) 20. fxe4 {aiming for Nd6+.} Nf6 21. Nd6+ Nxd6 22. Rxd6 Ke7 {[#]} (22... Kf7 $16) 23. Bc5 $1 $18 Kf7 $2 {[#]} (23... Nxe4 24. Rd7+ Kf6 25. Be7+ Kf7) 24. Rxe6 $1 {[%mdl 576] Remove Defender. White is clearly winning.} Kxe6 25. Bc4+ Nd5 26. exd5+ Kd7 {Accuracy: White = 44%, Black = 29%.} 1-0

[Event "CAT-chT Honor Division 2019"]
[Site "Catalonia"]
[Date "2019.02.02"]
[Round "3"]
[White "Guasch Sariol, Jaume"]
[Black "Barcelo Sola, David"]
[Result "0-1"]
[WhiteElo "2085"]
[BlackElo "1991"]
[Annotator "NA RC"]
[PlyCount "58"]
[EventDate "2019.01.16"]
[EventType "team-tourn"]
[EventCountry "ESP"]
[SourceTitle "playchess.com"]
[Source "ChessBase"]
[SourceQuality "1"]
[WhiteTeam "Cerdanyola"]
[BlackTeam "Sant Josep Badalona"]
[TimeControl "5400+30"]

1. d4 {[%emt 0:00:00]} d5 {[%emt 0:00:00]} 2. c4 {[%emt 0:00:00]} c5 {[%emt 0:00:00]} 3. e3 e6 4. Nf3 {[%emt 0:01:04]} Nf6 {[%emt 0:01:13]} 5. Nc3 {[%emt 0:00:22]} Nc6 {[%emt 0:00:20]} 6. Be2 Be7 {[%emt 0:02:32]} 7. O-O {[%emt 0:02:25]} O-O {[%emt 0:00:10]} 8. a3 {[%emt 0:05:37]} b6 {[%emt 0:03:32]} 9. Re1 {[%emt 0:01:34]} Bb7 {[%emt 0:05:51]} 10. cxd5 {[%emt 0:07:34]} exd5 {[%emt 0:13:18]} 11. Bd3 {[%emt 0:05:12]} Re8 {[%emt 0:03:25]} 12. Bd2 {[%emt 0:06:33]} Bf8 {[%emt 0:04:25]} 13. Rc1 {[%emt 0:04:06]} c4 {[%emt 0:04:08]} 14. Bb1 {[%emt 0:07:13]} a6 {[%emt 0:01:38]} 15. Ne2 {[%emt 0:03:07]} b5 {[%emt 0:03:07]} 16. Ng3 a5 17. a4 {[%emt 0:08:55]} b4 {[%emt 0:03:05]} 18. e4 {[%emt 0:00:00]} dxe4 {[%emt 0:02:52]} 19. Nxe4 Nxd4 {[%emt 0:06:20]} 20. Nxf6+ {[%emt 0:06:24]} Qxf6 {[%emt 0:00:32]} 21. Nxd4 {[%emt 0:03:07]} Qxd4 {[%emt 0:03:16]} 22. Qc2 {[%emt 0:01:21]} g6 {[%emt 0:00:40]} 23. Be3 {[%emt 0:01:15]} Qd5 24. f3 {[%emt 0:00:02]} Rxe3 {[%emt 0:01:03]} 25. Rxe3 {[%emt 0:01:34]} Bc5 {[%emt 0:12:13]} 26. Qe2 {[%emt 0:01:17]} Re8 {[%emt 0:00:27]} 27. Be4 Rxe4 28. fxe4 {[%emt 0:01:08]} Qxe4 {[%emt 0:00:48]} 29. Kf2 Qf4+ 0-1

[Event "CAT-chT Honor Division 2019"]
[Site "Catalonia"]
[Date "2019.02.02"]
[Round "3"]
[White "Fernandez Madrid, Carlos"]
[Black "Escandell, Juan C"]
[Result "0-1"]
[WhiteElo "2042"]
[BlackElo "2188"]
[Annotator "TA"]
[PlyCount "80"]
[EventDate "2019.01.16"]
[EventType "team-tourn"]
[EventCountry "ESP"]
[SourceTitle "playchess.com"]
[Source "ChessBase"]
[SourceQuality "1"]
[WhiteTeam "Sant Josep Badalona"]
[BlackTeam "Cerdanyola"]

{[%evp 9,80,7,14,13,28,-9,-6,-49,36,1,0,0,-11,-22,3,6,10,-11,0,-18,-3,-15,0,-77,-76,-60,-66,-65,-72,-77,-77,-194,-191,-296,-260,-368,-376,-358,-354,-403,-394,-391,-398,-417,-422,-454,-452,-437,-451,-434,-439,-479,-479,-456,-491,-490,-478,-504,-504,-804,-801,-604,-604,-1084,-1073,-2481,-469,-1272,-2276,-1624,-1280,-1128,-1058]} 1. d4 Nf6 2. c4 ({Predecessor:} 2. Nf3 g6 3. c4 Bg7 4. Nc3 {½-½ (33) Shimanov,A (2642)-Izoria,Z (2594) Burlingame 2017}) 2... g6 3. Nc3 d5 4. Nf3 Bg7 5. h4 $146 (5. Bf4 O-O 6. Rc1 Be6 7. e3 dxc4 8. Ng5 Bd5 9. e4 h6 10. exd5 hxg5 11. Bxg5 Nxd5 12. Bxc4 Nb6 13. Bb3 Nc6 14. d5 Nd4 15. O-O Qd7 16. h4 Rfe8 17. a3 Nxb3 18. Qxb3 Rad8 19. Rfe1 Nxd5 20. Nxd5 Qxd5 21. Qxd5 Rxd5 22. Rxc7 Bxb2 23. Rxb7 Bxa3 24. Rxa7 {½-½ (30) Vitiugov,N (2709)-Vachier Lagrave,M (2778) Shenzhen 2018}) 5... c6 6. cxd5 {D90: Grünfeld: 4 Nf3 Bg7 sidelines} cxd5 7. Bg5 Nc6 8. e3 {The position is equal.} h6 (8... Nh5 $15) ({Predecessor:} 8... Nh5 9. Be2 h6 10. Bf4 Nxf4 11. exf4 Qd6 12. Qd2 h5 {½-½ (33) Shimanov,A (2642)-Izoria,Z (2594) Burlingame 2017}) 9. Bxf6 (9. Bf4 {with more complications.} O-O 10. Qb3 Na5 11. Qa3 b6 12. Rc1) 9... Bxf6 10. h5 g5 $1 11. Bd3 Be6 12. a3 Rc8 13. Qb3 Na5 14. Qa4+ Kf8 15. O-O a6 16. Ne5 (16. Nh2 $11 {keeps the balance.}) 16... b5 (16... Bxe5 $5 17. dxe5 b5 $15) 17. Qd1 Bxe5 18. dxe5 d4 $1 $36 {[%cal Rd4c3][%mdl 2048] Keeping White busy.} 19. exd4 Qxd4 20. a4 (20. Be2 $17 {keeps fighting.} Nb3 21. Qxd4 Nxd4 22. Rfd1) 20... Nb3 $19 21. Ne2 (21. Be4 $142) 21... Qxe5 22. axb5 (22. Rb1 $142 Rd8 23. axb5) 22... Nxa1 23. Qxa1 axb5 24. Ng3 Kg7 25. Re1 Qf6 26. Bxb5 Rc2 {[%cal Bc8c2,Bc2b2,Bb2b4][%mdl 32]} 27. Qa7 {Black is clearly winning.} Rxb2 28. Ne4 Qe5 29. Bf1 Rb4 30. Qe3 Rhb8 31. Nc5 Qxe3 32. Rxe3 Bc4 {[#] And now ...Rb1 would win.} 33. Bxc4 Rxc4 {[%mdl 4096] Endgame KRR-KRN} 34. Ne4 (34. Nd3 $142 Rb1+ 35. Kh2) 34... Rb1+ 35. Kh2 f5 36. Nd2 Rh4+ {[%mdl 64] [#] Double Attack} 37. Kg3 f4+ {[%mdl 64] Double Attack} 38. Kf3 fxe3 39. Nxb1 exf2 40. Kxf2 Rxh5 {Accuracy: White = 33%, Black = 77%.} 0-1